South Park Characters - Statistics

General Stats
  • This quiz has been taken 73 times
  • The average score is 9 of 25
Answer Stats
Quote Answer % Correct
"Don't kick the baby" Ike Brovlofski
100%
"Screw you guys, I'm going home" Eric Cartman
92%
"Of course, poopsiekins" Liane Cartman
77%
"Drugs are bad, mkay" Mr. Mackey
60%
"Ask Mr. Hat" Mr. Garrison
57%
"Hey There Fellas!" Leopold Butters Stotch
49%
"Hey there children!" Chef
45%
"They don't have tegridy" Randy Marsh
42%
"Hey Terrance!" Phillip
38%
"Hey Phillip!" Terrance
38%
"Howdy Hoooo!" Mr. Hankey
37%
"Shut up turd!" Shelley Marsh
35%
"Kick the baby!" Kyle Brovlofski
34%
"Wow-what a great audience!" Jimmy Valmer
28%
"My name's not Token" Tolkien Black
26%
"Breast cancer is an important topic" Wendy Testaburger
25%
"You see Kyle.." Gerald Brovlofski
23%
"Hello Bubby!" Sheila Brovlofski
22%
"I did not commit a micro-aggression" PC Principal
18%
"Ap-pi-tiz-er!" Starvin Marvin
17%
"Gobbles!" Timmy Burch
17%
"Are these wooden desks the only ones availiable?" Kyle Schwartz
11%
"They're coming right for us!" Jimbo Kern
9%
*inaudible* Kenny McKormick
8%
"I love to play!" Michael Jefferson
8%
No matching quizzes found
Score Distribution
Percent of People with Each Score
Percentile by Number Answered
Your Score History
You have not taken this quiz